Toko : (Record no. 23508)

MARC details
000 -BAŞLIK
Sabit Uzunluktaki Kontrol Alanı 00706nam a22002057a 4500
003 - KONTROL NUMARASI KİMLİĞİ
Kontrol Alanı koha_MIRAKIL
005 - EN SON İŞLEM TARİHİ ve ZAMANI
Kontrol Alanı 20260416111446.0
008 - SABİT UZUNLUKTAKİ VERİ ÖGELERİ - GENEL BİLGİ
Sabit Alan 260416b tur||||| |||| 00| 0 tur d
020 ## - ISBN - ULUSLARARASI STANDART KİTAP NUMARASI
Isbn 9789750839207
040 ## - KATALOGLAMA KAYNAĞI
Özgün Kataloglama Kurumu TR-IsEVY
Kataloglama Dili tur
Çeviri Kurumu TR-IsEVY
082 ## - DEWEY ONU SINIFLAMA SİSTEMİ
Sınıflama Numarası FIC ELK/T
100 ## - KİŞİ ADI
Yazar Adı (Kişi adı) Elkorek, Naz
245 #0 - ESER ADI BİLDİRİMİ
Başlık Toko :
Alt Eseradı vb. küçük bir kuşun büyük gagasıyle barışma hikayesi /
Sorumluluk Bildirimi Naz Elkorek ; resimleyen Gizem Darendelioğlu.
250 ## - BASIM BİLDİRİMİ
Basım Bildirimi 7. bs.
260 ## - YAYIN, DAĞITIM, VB.
Yayın Yeri İstanbul :
Yayınevi Yapı Kredi Yayınları,
Yayın Tarihi 2021.
300 ## - FİZİKSEL TANIMLAMA
Sayfa, Cilt vb. 40 s. :
Diğer fiziki detaylar renkli resimli ;
Boyutları 20X22 cm.
650 ## - KONU BAŞLIĞI EK GİRİŞ - KONU TERİMİ
Konusal terim veya coğrafi ad Çocuk Edebiyatı.
Alt başlık biçimi Çocuk Hikayeleri.
-- Resimli Kitaplar.
700 1# - EK GİRİŞ - KİŞİ ADI
Yazar Adı (Kişi adı) Darendelioğlu, Gizem.
Ünvan resimleyen.
942 ## - EK GİRİŞ ÖGELERİ (KOHA)
Source of classification or shelving scheme Dewey Decimal Classification
Koha item type Kitap
Holdings
Kayıp Durumu Sınıflandırma Kaynağı Hasarlı Durumu Koleksiyon Kodu Kalıcı Konum Mevcut Konum Kayıt Tarih Edinim Kaynağı Toplam Ödünçverme Yer Numarası Demirbaş Numarası Son Görülme Tarihi Fatura Tarihi Materyal Türü
  Dewey Decimal Classification   İlkokul İLKOKUL KÜTÜPHANESİ İLKOKUL KÜTÜPHANESİ 16/04/2026 Bağış   FIC ELK/T 25119 16/04/2026 16/04/2026 Kitap